000 00900nam0a22002891 4500
001 v19\rc\1719515
005 20250619040411.0
035 _a(NLR Aleph) 004817525
090 _a4986992
_c4986992
100 _a20061002d1900 |||y0rusy50 ca
101 1 _arus
_ceng
102 _aRU
105 _ay z |||||
200 1 _aФормы половых отношений
_eПер. с англ.
210 _aМосква
_cтип. Борисенко и Бреслин
_d1900
215 _a75 с.
_d20
316 _aЭкземпляр РНБ (20.62.5.356): утрачен
_5NLR: 20.62.5.356
700 1 _aСпенсер
_bГ.
_f1820-1903
_gГерберт
801 0 _aRU
_bNLR
_gpsbo
801 0 _aRU
_bRuMoRGB
_2psbo
801 1 _aRU
_bProSoft-M
_2rusmarc
852 _aNLR
_j20.62.5.356
899 _aRuMoRGB
_jA 265/613
899 _aRuMoRGB
_jФ 1-79/12091
899 _aБАН
942 _cBOOK
980 _aNB